000 00541nam a2200193Ia 4500
005 20250923145541.0
008 008 250917s9999 xx 000 0 eng d
037 _aTextual
040 _aDSWL
_beng
_cDSWL
041 _aeng
_2eng
084 _aY7:4x1, N78
_qDSWL
245 0 _aIntergroup accommodation in rural societies
_cEd. by Nic Rhoodie
260 _aLondon
_bMacmillan
_c1978
300 _axxx,482p.
365 _aGBP
_b8.95
925 _g8.95
942 _cTEXL
_hY7:4x1, N78
999 _c1452738
_d1452738